000 00748nam a22002292 4500
001 0000011653
005 20151217152100.0
008 081215s xx 000 0 eng d
020 _a0977165906 :
040 _aKABU
_cKABU
100 1 _aRussell, David.
_@0000167614
245 1 0 _aSuccess with people :
_ba complete system for effectively managing people in any organization /
_cDavid Russell.
250 _a1st ed.
260 _aNew York :
_bBarnabas Smyth,
_c2005.
300 _a220 p.
650 0 _aPersonnel management.
_@0000150761
650 0 _aManagement.
_@0000083920
852 1 _9p2600 KES
852 1 _9p2600 KES
908 _a081215
950 _@1
999 _c8025
_d8025